NBA All-Star Selections 2025 - Statistics

General Stats
  • This quiz has been taken 60 times
  • The average score is 7 of 24
Answer Stats
Team Answer % Correct
Shaq Lebron James
98%
Shaq Anthony Davis
50%
Shaq Stephen Curry
42%
Shaq Kevin Durant
34%
Chuck Nikola Jokić
34%
Shaq Jayson Tatum
30%
Chuck Giannis Antetokounmpo
28%
Shaq Jaylen Brown
28%
Chuck Karl Anthony-Towns
28%
Shaq Damian Lillard
26%
Chuck Victor Wembanyama
26%
Kenny Anthony Edwards
24%
Chuck Donovan Mitchell
24%
Kenny Jalen Brunson
24%
Shaq James Harden
24%
Chuck Shai Gilgeous-Alexander
24%
Kenny Jaren Jackson Jr.
22%
Chuck Alperen Sengun
20%
Kenny Evan Mobley
20%
Kenny Darius Garland
18%
Chuck Pascal Siakam
18%
Kenny Tyler Herro
18%
Kenny Jalen Williams
16%
Kenny Cade Cunningham
14%
No matching quizzes found
Score Distribution
Percent of People with Each Score
Percentile by Number Answered
Your Score History
You have not taken this quiz